| 000 | 00618nam a2200181 i 4500 | ||
|---|---|---|---|
| 001 | 134507 | ||
| 003 | ES-MaACL | ||
| 005 | 20230906194705.0 | ||
| 007 | t| | ||
| 008 | 070911s1924 gw ||||1| ger d | ||
| 100 | 1 |
_aWeber, Max. _9116265 |
|
| 245 | 1 | 0 |
_aWirtschaftsgeschichte _b: Abriss der universalen Sozial- und Wirtschafts-Geschichte / _cvon Max Weber ;. Aus den nachgelassenen Vorlesungen hrsg. von S. Hellmann und M. Palyi. |
| 260 |
_aMünchen : _bDuncker & Humblot, _c1924. |
||
| 300 |
_aXIV, 348 p. ; _c24 cm. |
||
| 700 | 1 |
_aHellmann, S. _962455 |
|
| 700 | 1 |
_aPalyi, M. _988726 |
|
| 852 |
_aES-MaACL _jA-144 |
||
| 999 |
_c134507 _d134507 |
||